000 00532nam a2200217Ia 4500
005 20260115173350.0
008 008 260114s9999 xx 000 0 eng d
020 _a9781783302192
037 _aEBOOK
040 _aCRL
_beng
_cCRL
041 _aeng
_2eng
084 _qCRL
100 _aBrown
_9885442
245 0 _aArchival Futures
260 _bCambridge University Press
260 _bFacet
260 _c2019
856 _uhttps://doi.org/10.29085/9781783302192
942 _cEBOOK
999 _c1484050
_d1484050